Villes du Monde en G - Statistiques

Statistiques générales
  • Ce quiz a été pris 123 fois
  • Le résultat moyen est 5 sur 10
Statistiques - réponses
Pays Population Ville % Correct
Suisse 210K Genève
91%
Italie 561K Gênes
84%
Palestine 2,1M Gaza
77%
Guatemala 3,2M Guatemala City
69%
Royaume-Uni 631K Glasgow
60%
Mexique 5,1M Guadalajara
58%
Autriche 306k Graz
40%
Chine 18,6M Guangzhou
32%
Turquie 1,7M Gaziantep
20%
Espagne 233K Granada
13%
Aucun quiz correspondant
Distribution des résultats
% des personnes avec chaque résultat
Percentile par nombre de réponses
Votre historique - résultats
Vous n’avez pas pris ce quiz